00401 a2200109 4500001001000000005001700010008004100027245005700068100002400125773012500149999001700274ART_2326620260410161930.0260409a 10aAlgunos principios generales de técnica tributaria1 aCaplán, Benedicto0 tRevista de la Facultad de Ciencias Económicas de la Universidad de Cuyog- Año IV, Nº 10 (ene./abr. 1952)wREV22981 c28471d28471